Study of Supply Chain Management System for a New Product Launch by Jain Irrigation System Ltd. (Record no. 69438)

MARC details
000 -LEADER
fixed length control field 00470nam a2200145Ia 4500
008 - FIXED-LENGTH DATA ELEMENTS--GENERAL INFORMATION
fixed length control field 221007s9999 xx 000 0 und d
041 ## - LANGUAGE CODE
Language code of text/sound track or separate title eng
082 ## - DEWEY DECIMAL CLASSIFICATION NUMBER
Item number GHO
100 ## - MAIN ENTRY--PERSONAL NAME
Personal name Gholap Kiran Sopan - 2K111037 & Prof. Jyoti Gaikwad - Guide
9 (RLIN) 102276
245 ## - TITLE STATEMENT
Title Study of Supply Chain Management System for a New Product Launch by Jain Irrigation System Ltd.
260 ## - PUBLICATION, DISTRIBUTION, ETC. (IMPRINT)
Date of publication, distribution, etc. 2013
Name of publisher, distributor, etc. Pune University
Place of publication, distribution, etc. Jalgaon
300 ## - PHYSICAL DESCRIPTION
Extent 53p
520 ## - SUMMARY, ETC.
Summary, etc. Pantawane Nivedita
906 ## - LOCAL DATA ELEMENT F, LDF (RLIN)
b General
Holdings
Withdrawn status Lost status Damaged status Not for loan Home library Current library Date acquired Vendor Total Checkouts Full call number Barcode Date last seen Bill Date Koha item type Original Barcode
        Smt. Hiraben Nanavati Institute of Management & Research for Women Smt. Hiraben Nanavati Institute of Management & Research for Women 16/08/2013 HNIMR   GHO HIMR-PR-516 07/10/2022 16/08/2013 Project Reports PR0516